<?xml version="1.0" encoding="UTF-8"?>
<collection xmlns="http://www.loc.gov/MARC21/slim">
 <record>
  <leader>00522pamaa2200157   4500</leader>
  <controlfield tag="001">0000021614</controlfield>
  <controlfield tag="005">20061116090000.0</controlfield>
  <datafield tag="020" ind1="0" ind2="0">
   <subfield code="a">0877456119 (hard) </subfield>
  </datafield>
  <datafield tag="090" ind1="0" ind2="0">
   <subfield code="a">PS3562.E49 </subfield>
   <subfield code="b">LEN 1997</subfield>
  </datafield>
  <datafield tag="100" ind1="1" ind2="0">
   <subfield code="a">LENZO </subfield>
  </datafield>
  <datafield tag="245" ind1="1" ind2="0">
   <subfield code="a">Within the lighted city  </subfield>
   <subfield code="c">Lisa Lenzo.</subfield>
  </datafield>
  <datafield tag="260" ind1="0" ind2="0">
   <subfield code="a">Iowa City: </subfield>
   <subfield code="b">University of Iowa Press, </subfield>
   <subfield code="c">1997.</subfield>
  </datafield>
  <datafield tag="300" ind1=" " ind2=" ">
   <subfield code="a">97p.; </subfield>
   <subfield code="c">25cm.</subfield>
  </datafield>
  <datafield tag="440" ind1="0" ind2="0">
   <subfield code="a">John Simmons short fiction award</subfield>
  </datafield>
  <datafield tag="650" ind1="0" ind2="0">
   <subfield code="a">City and town life -- </subfield>
   <subfield code="x">Fiction -- </subfield>
   <subfield code="z">Michigan -- </subfield>
   <subfield code="z">Detroit </subfield>
  </datafield>
  <datafield tag="651" ind1="0" ind2="0">
   <subfield code="a">Detroit (Mich.) -- </subfield>
   <subfield code="x">Social life and customs -- </subfield>
   <subfield code="x">Fiction </subfield>
  </datafield>
 </record>
</collection>
